书目信息 |
| 题名: |
海河流域灾害、环境与社会变迁
|
|
| 作者: | 杨学新 , 郑清坡 主编 | |
| 分册: | ||
| 出版信息: | 保定 河北大学出版社 2018.10 |
|
| 页数: | 13, 468页 | |
| 开本: | 21cm | |
| 丛书名: | 中国灾害防御协会灾害史专业委员会学术论丛 | |
| 单 册: | ||
| 中图分类: | X432-092 , K292.1-53 | |
| 科图分类: | ||
| 主题词: | ||
| 电子资源: | ||
| ISBN: | 978-7-5666-1417-9 | |
| 000 | 01718nam 2200325 450 | |
| 001 | 0100010627 | |
| 005 | 20190905093951.0 | |
| 010 | @a978-7-5666-1417-9@dCNY45.00 | |
| 100 | @a20190903d2018 em y0chiy50 ea | |
| 101 | 0 | @achi |
| 102 | @aCN@b130000 | |
| 105 | @aabk a 000yy | |
| 106 | @ar | |
| 200 | 1 | @a海河流域灾害、环境与社会变迁@Ahai he liu yu zai hai 、 huan jing yu she hui bian qian@e中国灾害防御协会灾害史专业委员会第十二届年会论文集@f杨学新, 郑清坡主编 |
| 210 | @a保定@c河北大学出版社@d2018.10 | |
| 215 | @a13, 468页@c图, 地图@d21cm | |
| 225 | 2 | @a中国灾害防御协会灾害史专业委员会学术论丛@Azhong guo zai hai fang yu xie hui zai hai shi zhuan ye wei yuan hui xue shu lun cong |
| 300 | @a由河北大学历史学强势特色学科建设经费、河北大学中国史学科“双一流”建设经费资助出版 国家社科基金项目“新中国海河流域水环境变迁与经济发展关系研究”阶段性成果 | |
| 320 | @a有书目 (第页) | |
| 330 | @a本书收录论文三十余篇, 围绕着历代以来海河流域生态变迁与灾害情势, 海河流域自然灾害、生态危机的成因与对策, 海河流域自然灾害、环境变迁与区域社会 (含政治、经济、文化等各方面) , 以及江河流域灾害史、环境史文献资料的搜集与整理、研究的理论与方法等主题展开论述。 | |
| 410 | 0 | @12001 @a中国灾害防御协会灾害史专业委员会学术论丛 |
| 517 | 1 | @a中国灾害防御协会灾害史专业委员会第十二届年会论文集@Azhong guo zai hai fang yu xie hui zai hai shi zhuan ye wei yuan hui di shi er jie nian hui lun wen ji |
| 607 | @a海河@Ahai he@x流域@x自然灾害@x历史@y中国@j文集 | |
| 607 | @a海河@Ahai he@x流域@x社会变迁@j文集 | |
| 690 | @aX432-092@v5 | |
| 690 | @aK292.1-53@v5 | |
| 701 | 0 | @a杨学新@Ayang xue xin@4主编 |
| 701 | 0 | @a郑清坡@Azheng qing po@4主编 |
| 801 | 0 | @aCN@c20190905 |
| 905 | @a河南城建学院图书馆@dX432-092@eY307 | |
| 海河流域灾害、环境与社会变迁:中国灾害防御协会灾害史专业委员会第十二届年会论文集/杨学新, 郑清坡主编.-保定:河北大学出版社,2018.10 |
| 13, 468页:图, 地图;21cm.-(中国灾害防御协会灾害史专业委员会学术论丛) |
| 由河北大学历史学强势特色学科建设经费、河北大学中国史学科“双一流”建设经费资助出版 国家社科基金项目“新中国海河流域水环境变迁与经济发展关系研究”阶段性成果 |
| ISBN 978-7-5666-1417-9:CNY45.00 |
| 本书收录论文三十余篇, 围绕着历代以来海河流域生态变迁与灾害情势, 海河流域自然灾害、生态危机的成因与对策, 海河流域自然灾害、环境变迁与区域社会 (含政治、经济、文化等各方面) , 以及江河流域灾害史、环境史文献资料的搜集与整理、研究的理论与方法等主题展开论述。 |
| ● |
| 相关链接 |
|
|
|
正题名:海河流域灾害、环境与社会变迁
索取号:X432-092/Y307
 
预约/预借
| 序号 | 登录号 | 条形码 | 馆藏地/架位号 | 状态 | 备注 |
| 1 | 1438557 | 214385574 | 自科库501/501自科库 67排7列4层/ [索取号:X432-092/Y307] | 在馆 | |
| 2 | 1438558 | 214385583 | 自科库501/501自科库 67排7列4层/ [索取号:X432-092/Y307] | 在馆 |